An environmental guide for Texas metal finishers : know the rules, reduce pollution, save money /

Bibliographic Details
Corporate Author: Texas Natural Resource Conservation Commission. Small Business Assistance Program
Format: Government Document Book
Language:English
Published: Austin, Tex. : The Commission, [1997]
Subjects:

MARC

Tag First Indicator Second Indicator Subfields
LEADER 00000cam a2200000 a 4500
001 in00001407547
005 20151020062224.0
008 980224s1997 txua bf s000 0 eng d
035 |a (OCoLC)38501437 
035 |9 AHP0998AM 
040 |a IKM  |c IKM  |d IXA  |d TXA  |d UtOrBLW 
049 |a TXAO 
086 |a N330.7 R339 NO.291  |2 txdocs 
090 |a TN899.M45  |b E58 1997 
245 0 3 |a An environmental guide for Texas metal finishers :  |b know the rules, reduce pollution, save money /  |c Texas Natural Resource Conservation Commission. 
246 3 0 |a Texas metal finishers 
264 1 |a Austin, Tex. :  |b The Commission,  |c [1997] 
300 |a iv, 44 pages :  |b illustrations ;  |c 28 cm. 
336 |a text  |b txt  |2 rdacontent 
337 |a unmediated  |b n  |2 rdamedia 
338 |a volume  |b nc  |2 rdacarrier 
500 |a "Small Business Assistance Program." 
500 |a "RG-291 December 1997." 
504 |a Includes bibliographical references (pages 43-44). 
650 0 |a Metals  |x Finishing  |x Environmental aspects  |z Texas. 
650 0 |a Metals  |x Finishing  |x Waste disposal  |z Texas  |x Handbooks, manuals, etc. 
650 0 |a Factory and trade waste  |x Environmental aspects  |z Texas. 
650 0 |a Factory and trade waste  |x Law and legislation  |z Texas. 
710 2 |a Texas Natural Resource Conservation Commission.  |b Small Business Assistance Program. 
948 |a c:jrh 
999 |a MARS 
999 f f |s 8f76e07b-3981-3455-988d-9f18dae38c70  |i b06dc9c9-b76e-315a-b7ed-8192efe04b4d  |t 0 
952 f f |p normal  |a Texas A&M University  |b College Station  |c Sterling C. Evans Library  |d Evans: Texas Documents (Annex 5th floor)  |t 0  |e N330.7 R339 NO.291  |h Superintendent of Documents classification  |i unmediated -- volume  |m A14823059130 
998 f f |a N330.7 R339 NO.291  |t 0  |l Evans: Texas Documents (Annex 5th floor)